[Event "MNE-ch 76th"]
[Site "Podgorica"]
[Date "2024.02.13"]
[Round "9"]
[White "Doderovic, Aleksa"]
[Black "Krstonijevic, Stjepan"]
[Result "0-1"]
[WhiteElo "1639"]
[BlackElo "2108"]
[PlyCount "88"]
[EventDate "2024.02.06"]
[EventType "swiss"]
[EventRounds "11"]
[EventCountry "MNE"]
[SourceTitle "CB08_2024"]
[SourceDate "2024.02.21"]
[SourceVersion "1"]
[SourceVersionDate "2024.02.21"]
[SourceQuality "1"]

1. d4 d5 2. c4 e6 3. Nc3 Nf6 4. cxd5 exd5 5. Bg5 c6 6. Qc2 Be7 7. e3 0-0 8. Bd3 Nbd7 9. Nge2 a5 10. 0-0 Re8 11. f3 Nf8 12. Rae1 g6 13. Nf4 Kg7 14. Bh4 Ne6 15. Nxe6+ Bxe6 16. Qf2 a4 17. a3 Ne4 18. Nxe4 Bxh4 19. Ng3 Be7 20. e4 dxe4 21. fxe4 Bh4 22. d5 cxd5 23. Bb5 Rf8 24. Rd1 d4 25. Rxd4 Qb6 26. Rb4 Qxf2+ 27. Kxf2 Ra5 28. Be2 Rb8 29. Rc1 Be7 30. Rb5 Rxb5 31. Bxb5 Bf6 32. Rc2 Bb3 33. Re2 Bd4+ 34. Ke1 Rc8 35. Rd2 Rc1+ 36. Ke2 Be5 37. Nf1 Rb1 38. Ke3 Rxb2 39. g3 Rb1 40. Rd7 Be6 41. Rxb7 Bc4 42. Nd2 Rxb5 43. Nxc4 Rxb7 44. Nxe5 Rb3+ 0-1

[Event "MNT-ch 74th"]
[Site "Podgorica"]
[Date "2022.02.26"]
[Round "8"]
[White "Doderovic, Aleksa"]
[Black "Mosurovic, Milena"]
[Result "1/2-1/2"]
[WhiteElo "1676"]
[BlackElo "1482"]
[PlyCount "88"]
[EventDate "2022.02.19"]
[EventType "swiss"]
[EventRounds "9"]
[EventCountry "MNE"]
[SourceTitle "EXT 2023"]
[Source "ChessBase"]
[SourceDate "2022.10.05"]
[SourceVersion "1"]
[SourceVersionDate "2022.10.05"]
[SourceQuality "1"]

1. d4 d5 2. c4 e6 3. Nc3 Nf6 4. Bg5 Be7 5. e3 0-0 6. Nf3 Nbd7 7. Qc2 dxc4 8. Bxc4 c5 9. dxc5 Nxc5 10. Rd1 Qc7 11. Bf4 Qb6 12. 0-0 Bd7 13. Ne5 Rfd8 14. Bg5 Bc6 15. Nxc6 Qxc6 16. a3 Qc7 17. Ba2 Rxd1 18. Rxd1 Rc8 19. Bf4 Qc6 20. Qe2 Nce4 21. Nxe4 Nxe4 22. f3 Nf6 23. Be5 h6 24. Kf2 a6 25. Rd2 Qa4 26. g3 Nd7 27. Bc3 Nf6 28. Rd4 Qc6 29. Rc4 Qe8 30. Rxc8 Qxc8 31. Qd3 Qc6 32. Bb1 g6 33. Qd4 Qd5 34. Be4 Qxd4 35. exd4 Nxe4+ 36. fxe4 Kf8 37. h4 Ke8 38. Ke3 Kd7 39. d5 Bc5+ 40. Bd4 Kd6 41. Bxc5+ Kxc5 42. dxe6 fxe6 43. Kd3 a5 44. b3 b5 1/2-1/2

[Event "MNT-ch 74th"]
[Site "Podgorica"]
[Date "2022.02.21"]
[Round "3"]
[White "Pekic, Momcilo"]
[Black "Doderovic, Aleksa"]
[Result "1-0"]
[WhiteElo "1602"]
[BlackElo "1676"]
[PlyCount "75"]
[EventDate "2022.02.19"]
[EventType "swiss"]
[EventRounds "9"]
[EventCountry "MNE"]
[SourceTitle "EXT 2023"]
[Source "ChessBase"]
[SourceDate "2022.10.05"]
[SourceVersion "1"]
[SourceVersionDate "2022.10.05"]
[SourceQuality "1"]

1. e4 d6 2. d4 Nf6 3. Nc3 g6 4. Nf3 Bg7 5. Bd3 0-0 6. 0-0 Bg4 7. h3 Bxf3 8. Qxf3 Nc6 9. Be3 e5 10. dxe5 Nxe5 11. Qe2 c6 12. Rad1 Qc7 13. a4 a5 14. Qd2 Nxd3 15. Qxd3 Rad8 16. Qc4 Rd7 17. Qb3 Re8 18. Bb6 Qb8 19. Rfe1 Rde7 20. Bxa5 Nxe4 21. Nxe4 Rxe4 22. Rxe4 Rxe4 23. Bc3 Bxc3 24. Qxc3 Rxa4 25. Qg3 Kf8 26. Rxd6 Ra1+ 27. Kh2 Qe8 28. Qg5 Ra8 29. Rd4 Qb8+ 30. g3 Qe8 31. Qh6+ Kg8 32. Rh4 Qe1 33. Qxh7+ Kf8 34. Qh8+ Ke7 35. Qd4 f5 36. Rh7+ Ke6 37. Rd7 Qe5 38. Re7+ 1-0